000 02321nam0a2200457 4500
001 RU\NLR\BIBL_A\012131172
005 20250806211740.0
020 _aRU
_9Ленинград в Великой Отечественной войне. Коллекция. Призывы
035 _a(NLR Aleph) 012131172
090 _a11533
_c11533
100 _a20191030d1943 u y0rusy50 ca
101 0 _arus
102 _aRU
105 _aa z 000zy
135 _acrcn 024anaba
200 1 _aПобеду можно упустить, если в наших рядах появится самоуспокоение. Победа не дается без борьбы и напряжения. Она берется с боя
_e[призыв]
_f(Сталин. Доклад от 6 ноября 1943 г.)
210 _a[Ленинград]
_cЛТ УН-9
_d[1943]
215 _a1 л.
_cил.
_d15х33
300 _aЗак. № 1871
325 _aКопия доступна в Электрон. б-ке РНБ
517 1 _aПобеда не дается без борьбы и напряжения. Она берется с боя
606 1 _aВеликая Отечественная война
_z1941 - 1945
_xВоенная пропаганда советская
_jЛистовые издания
_2nlr-sh2
_3RU\NLR\AUTH\6601662801
686 0 _aЦ35(2)722-442.3
700 1 _aСталин
_bИ. В.
_f1879-1953
_gИосиф Виссарионович
_3RU\NLR\AUTH\773464
852 _aNLR
_jII Л3-330пр.х./1/3-1
856 0 _uhttps://vivaldi.nlr.ru/lk000010696/view
856 1 _uhttps://vivaldi.nlr.ru/lk000010696/cover
856 2 _uhttps://vivaldi.nlr.ru/lk000010696/text
942 _cVISUAL
945 _aРоссийская национальная библиотека
980 _aNB
980 _aBV
980 3 _akppriz
980 3 _akp2020
980 3 _akp
981 3 7 _a(37) Ленинград в Великой Отечественной войне
_b(37) Призывы к населению